00656nam a2200205 a 450000100060000000300080000600500170001400800410003102000150007203500190008704000350010604100080014108200280014924501130017726000380029030000350032865000220036365000340038571000310041944909BD-RjUL20211209053933.0160721s1995 bg ||||| |||| 00| 0 eng d a9840513192 a(BD-RjUL)45027 aBD-RjULbengcBD-RjULdBD-RjUL aeng 223a330.95492bEXP 1995 aExperiences with economic reform : ba review of Bangladesh's development 1995 /cCentre for policy dialogue aDhaka :bUniversity press,c1995. axxvi, 470 p. :bill. ;c25 cm. aEconomic history. aEconomic policy. zBangladesh aCentre for policy dialogue